The Law Reports: Appeal Cases (Record no. 3234)

MARC details
000 -LEADER
fixed length control field 00446nam a22001577a 4500
005 - DATE AND TIME OF INPUT
control field 20241101084223.0
008 - DATA ELEMENTS--GENERAL INFORMATION
fixed length control field 241101b |||||||| |||| 00| 0 eng d
041 ## - LANGUAGE CODE
Language code of text English
082 ## - SHELF NUMBER
DDC number 349 LAW
100 ## - MAIN AUTHOR
Language of a work English
245 ## - TITLE STATEMENT
Title The Law Reports: Appeal Cases
260 ## - PUBLICATION, DISTRIBUTION, ETC.
Place of publication, distribution, etc. London:
Name of publisher, distributor, etc. William Clowes and Sons,
Date of publication, distribution, etc. 1884
300 ## - PHYSICAL DESCRIPTION
Other physical details xxvi, 993 pages;
Dimensions 26 cm.
650 ## - SUBJECT`
Broad subject Legal practice
Own subject terms Law
942 ## - ADDED ENTRY ELEMENTS (KOHA)
Item type Books
942 ## - ADDED ENTRY ELEMENTS (KOHA)
-- ALISON_BN_VRIES
Holdings
Source of classification or shelving scheme Not for loan Home library Current library Shelving location Date acquired Full call number Barcode Price effective from Koha item type
Dewey Decimal Classification   LAW SOCIETY OF NAMIBIA LIBRARY - WINDHOEK LAW SOCIETY OF NAMIBIA LIBRARY - WINDHOEK Appellate division 11/01/2024 349 LAW LSN/2023/1730 11/01/2024 Books